Ako rozvíjať porozumenie textu u žiaka

Uložené v:
Podrobná bibliografia
Hlavný autor: Gavora, Peter (Autor)
Médium: Kniha
Jazyk:Slovak
Vydavateľské údaje: Nitra : Enigma, 2008
Predmet:
Tagy: Pridať tag
Žiadne tagy, Buďte prvý, kto otaguje tento záznam!

MARC

LEADER 00000nam a22000003a 4500
001 stu219785
005 20150617230118.7
008 110104s2008----xo------------------slo-d
020 |a 978-80-89132-57-7 
040 |a STU  |b slo 
041 0 |a slo 
044 |a xo 
080 |a 37 
100 1 |a Gavora, Peter  |4 aut 
245 1 |a Ako rozvíjať porozumenie textu u žiaka 
260 |a Nitra :  |b Enigma,  |c 2008 
300 |a 193 s 
650 7 |a čítanie s porozumením  |2 stusub 
996 |b 284M079039  |c M*12894-1  |l MMKN  |s A  |a 24  |w stu219785_0001